00346nam a2200121 a 45000010005000000030005000050050017000100080041000270400020000682450085000882600031001733000020002044319CDMR20130920101906.0130130s1989||||||||||||||||||||||||||||d aCDMRbcatcCDMR 0aDiccionario manual e ilustrado de la lengua españolacReal Academia Española aMadridc1989bEspasa Calpe a1666 p ;c25 cm